000 01458nam0a2200337 i 4500
001 RU\NLR\BIBL_A\011292011
005 20260406083858.0
010 _a9785444450901
_93000
021 _aRU
_b2016-91811
_96059
035 _a(NLR Aleph) 011292011
090 _a10927338
_c10927338
100 _a20161213d2017 u y0rusy50 ca
101 1 _arus
_ceng
102 _aRU
105 _aac z 000ay
200 1 _aЧерный мустангер
_aЗолотой браслет
_e[роман
_eперевод с английского]
_fТомас Майн Рид
_g[ил.: Р. де ла Незьер, Л. Беннетт]
210 _aМосква
_cВече
_d2017
_d[т.е. 2016]
215 _a414, [1] с.
_cил., портр.
_d21
225 1 _aМастера приключений
225 1 _aСобрание сочинений
300 _aНа обороте тит. л.: Романы созданы совместно с Фредериком Уиттекером
320 _aДр. кн. авт.: с. 1
333 _a12+
686 1 _aШ6(4Вл)57-440.4{Лх1296.2-50}
700 1 _7ca
_8rus
_aРид
_bМ.
_f1818-1883
_gМайн
_934136
_3RU\NLR\AUTH\7751202
702 1 _4040
_7ca
_8rus
_aЛа Незьер
_bР. де
_f1865-1953
_gРаймон де
_9167891
_3RU\NLR\AUTH\770167939
702 1 _4040
_aБенетт
_bЛ.
_f1839-1917
_gЛеон
_9139471
_3RU\NLR\AUTH\770139506
942 _cBOOK
980 _aNBR